| 000 | 00663nam a2200217Ii 4500 | ||
|---|---|---|---|
| 001 | 20010 | ||
| 003 | CO-ViMGA | ||
| 008 | 241108s9999||||xx |||||||||||||| ||und|| | ||
| 020 | _a9789588464558 | ||
| 040 |
_aCO-ViMGA _bspa _erda _cCO-ViMGA |
||
| 041 | 0 | _aspa | |
| 084 | _aN ZUL1u | ||
| 100 | 1 |
_aMariela Zuluaga García _950263 |
|
| 245 | 1 | 0 |
_aUn gigante sin recuerdos : _bnovela |
| 264 | 1 | _aBogotá, Colombia : Editorial Atenea, [Fecha de publicación no identificada] | |
| 300 | _avolumen | ||
| 336 |
_atext _btxt _2rdacontent |
||
| 337 |
_aunmediated _bn _2rdamedia |
||
| 338 |
_avolume _bnc _2rdacarrier |
||
| 940 | _aidficha_siabuc: 19666. -- ficha_no_siabuc:20010 | ||
| 999 |
_c44946 _d44946 |
||